=LDR 00000nam 2200000 4500 =001 INLIS000000000033421 =005 20130612135357 =008 ***********************************ind** =035 ##$$0010-061300000033421 =041 ##$$a ind =082 ##$$a 925 =090 ##$$a 925, Fir s =100 ##$$a Firmansyah, Adhe =245 ##$$a 108 Ilmuwan =260 ##$$a 2010 $b Yogyakarta =300 ##$$a 481 hlm, 21 cm =650 ##$$a Biografi-ilmuwan =700 ##$$a Kusumaningratri, Rose =850 ##$$a NBPNMAT =990 ##$$a 1308313083 =990 ##$$a 01201713083 =990 ##$$a 1315213152